Word Ladder: Movie Taglines Quiz Stats

Quiz Updated Jan 28, 2016

Challenge
Share
Tweet
Embed
Score 0/30 Timer 03:00
0 Plays Today
Movie Title 4-Letter Word % Correct
---- to the FutureBACK
98.9%
Good ---- ChuckLUCK
97.9%
Gone with the ----WIND
97.9%
The Wolf of ---- StreetWALL
97.3%
The Lion ----KING
97.1%
Good ---- HuntingWILL
97%
---- Free or Die HardLIVE
96.6%
Yours, ---- and OursMINE
96.3%
The ---- RangerLONE
96.2%
---- ActuallyLOVE
96.1%
The Thin Red ----LINE
96.1%
---- ---- WestWILD
95.9%
School of ----ROCK
95.7%
Uncle ----BUCK
95.5%
----, Stock and Two Smoking BarrelsLOCK
95.2%
Movie Title 4-Letter Word % Correct
---- the LineWALK
94.6%
Notting ----HILL
94.2%
Pillow ----TALK
94.2%
Eternal Sunshine of the Spotless ----MIND
93.8%
The ---- Kiss GoodnightLONG
92%
Annie ----HALL
92%
---- of BrothersBAND
91.8%
King ----KONG
91.1%
---- It Like BeckhamBEND
90.9%
Cool ---- LukeHAND
87.6%
---- 'em HighHANG
82.3%
The ---- JobBANK
71.2%
The Bling ----RING
70.3%
---- GirlTANK
68.3%
---- De BasantiRANG
61.9%

Today's Daily Dose

Missing Word
Law Misconceptions

Word Ladder
Easy Math

On This Day
January 20th

You're not logged in!

Compare scores with friends on all Sporcle quizzes.
Sign Up with Email
OR
Log In

You Might Also Like...

Show Comments

Extras

Top Quizzes Today


Score Distribution

Your Account Isn't Verified!

In order to create a playlist on Sporcle, you need to verify the email address you used during registration. Go to your Sporcle Settings to finish the process.